00306nam a2200121Ia 4500008004100000020001600041082001600057100001400073245002000087260004400107300000800151650002500159140316s9999 xx 000 0 und d a81769031484 a811bKAL/KU aKalidasan aKumarasambhavam aThrissurbKerala Sahithya Academyc2009 a226 aMALAYALAM LITERATURE